00953nam a22001937a 4500003000900000008004100009020001800050040007100068082001800139100002700157245011900184260006500303300002500368505028200393650002600675650002600701650002000727650001200747AR-CdUCM190304b ||||| |||| 00| 0 spa d a9972-42-042-6 aMUNICIPALIDAD PROVINCIAL DEL CUSCOcBIBLIOTECA MUNICIPAL DEL CUSCO a348.53 /bM42 aMéndez Chang, Elvira aEl principio precautorio y su aplicación a los ensayos nucleares subterráneos franceses en el pacífico sur / aLima :bPontificia Universidad Católica del Perú,c1996. a96 paginas ;c19 cm. aEl caso de los ensayos nucleares subterráneos franceses en el pacifico -- El proceso contra Francia por ensayos nucleares en la superficie ante la corte internacional de justicia -- Breve descripción del tipo de arma nuclear y del lugar donde se realizaron los ensayos ... aDerecho internacional aExplosiones nucleares aContaminación aFrancia